000 00751nam a22002177a 4500
003 UA-OsUOA
001 115777
007 ta
008 20160118b un ||||| |||| 00| 0 ukr d
100 _aКотик-Чубінська М.
090 _a82
_bК73
942 _cSA
040 _aUA-OsUOA
_bukr
_cUA-OsUOA
_dUA-OsUOA
245 _aСили протистояння в оповіданні Івана Франка "Отець-гуморист"
300 _aС.40-47
955 _a0
041 _aukr
080 _a82
773 0 _w115775
_tПрограма психологічного супроводу обдарованих дітей
_dЛьвів
_d2015
_g4
650 7 _a82 Література. Літературознавство
_2UDC
999 _c401588
_d401588